00351nam a22001097a 4500003000500000038001200005082001600017100007200033245003000105260009000135300001600225NUST amsohail a628.95bAAS a American Association of State Highway and Transportation Officials aGuides for Bicycle Routes aWashingtonb American Association of State Highway and Transportation Officialsc1974 a45,p:c25cm